000 02404cam a2200289 4500500
005 20251228051415.0
041 _afre
042 _adc
100 1 0 _aBessoles, Philippe
_eauthor
245 0 0 _aTemporalité victimologique et figures de l'infantile
260 _c2002.
500 _a37
520 _aRésuméUne approche en psychopathologie clinique légale des états post traumatiques sexuels tend à accorder aux figures de l’infantile toute leur importance. Le viol, sous couvert de pulsion d’emprise, révèle son caractère cannibalique, excrémentiel et sacrificiel. En défaisant les processus de liaisons œdipifiés et les enveloppements psychiques primaires, le viol tend à « confisquer » le rapport du sujet à la temporalité. Ce temps figé ne constitue plus, du fait de son effondrement, la trame basale d’inscription des traces mnésiques et le fond représentatif originaire des processus psychiques. Clinique de l’excès d’objet, la victimologie dévoile ce que le sexe entretient de rapport étroit avec la mort, l’énigme des origines et l’abject comme figure archaïque de tout sujet.
520 _aAn approach in psychopathology legal clinical of posttraumatic sexual states tends to grant to the figures of childish all their importance. Rape reveals its cannibalistic, excremential and sacrificial caricatures. By undoing the processes of connections « Œdipifiées » and the primary psychic envelopes, rape tends « to seize » the report of the subject from the temporality. This motionless time does not establish any more, because of the collapse, the basal weft of registration of tracks mnésic and the representative bottom native of psychic processes. Clinic of the excess of object, the victimology reveals what sex maintains of narrow report with the death, the enigma of previous history and the despicable as archaic figure of any subject.
690 _aé
690 _ainfantile
690 _aoriginaire
690 _atrauma psychique
690 _avictimologie clinique
690 _achildish
690 _aclinical victimology
690 _anative
690 _apsychic trauma
690 _atemporality
786 0 _nCliniques méditerranéennes | 65 | 1 | 2002-03-01 | p. 253-262 | 0762-7491
856 4 1 _uhttps://shs.cairn.info/revue-cliniques-mediterraneennes-2002-1-page-253?lang=fr&redirect-ssocas=7080
999 _c1581823
_d1581823